| 000 | 01076nam2a2200241 4500 | ||
|---|---|---|---|
| 001 | rc\2907198 | ||
| 005 | 20260315054038.0 | ||
| 035 | _a(NLR Aleph) 007058161 | ||
| 090 |
_a13592478 _c13592478 |
||
| 100 | _a20110804d1933 u y0rusy50 ca | ||
| 101 | 1 |
_arus _ceng |
|
| 102 | _aRU | ||
| 105 | _aa z ||||| | ||
| 200 | 1 | _aБелки | |
| 210 | _d1933 | ||
| 215 |
_aПер., 158 с. _cграф. |
||
| 320 | _aБиблиогр.: "Литература" (с. 155-56) | ||
| 461 | 0 |
_1001rc\2907197 _12001#$aОсновы биохимии ...$fР. Гортнер$gПер. М.К. Карягиной$gПод ред. акад. В. С. Гулевича$gЦентр. науч.-исслед. ин-т химии пищевых средств Наркомснаба СССР$vЧ. 2 _1700#1$aГортнер$bР.$gРос$f1885- _96258305 _aГортнер, Р. (1885-) _cМосква _d1933 _fР. Гортнер _nСнабтехиздат _tОсновы биохимии ... _vЧ. 2 |
|
| 801 | 0 |
_aRU _bNLR _gpsbo |
|
| 801 | 1 |
_aRU _bELAR _2rusmarc |
|
| 852 |
_aNLR _j33-18/491(2) |
||
| 942 | _cUNSPEC | ||
| 980 | _aNB | ||